| 000 | 00000nam 2200000za 4500 |
| 001 | 9.574476 |
| 003 | CaOODSP |
| 005 | 20251024120533 |
| 007 | cr ||||||||||| |
| 008 | 150406s2000||||xxc|||||o f|0| 0 eng d |
| 040 | |aCaOODSP|beng |
| 043 | |an-cn--- |
| 086 | 1 |aMP32-30/00-5E-PDF |
| 110 | 1 |aCanada. |bHuman Resources Development Canada. |
| 245 | 10|aYouth in transition survey |h[electronic resource] : |bproject overview. |
| 260 | |aOttawa - Ontario : |bHuman Resources Development Canada |cSeptember 2000. |
| 300 | |a75p.|breferences, tables |
| 490 | 1 |aStrategic policy technical paper series|vT-00-5E |
| 500 | |a"In partnership with Statistics Canada, Council of Ministers of Education Canada, Provincial ministries and departments of labour and education."--p.1 of 75. The catalogue number (MP32-30/00-5E) and ISBN (0-662-29528-5) for the print edition have been incorrectly copied in this electronic publication. |
| 590 | |a12-31-Supp|b2012-07-06 |
| 690 | 07|aEducation|2gcpds |
| 690 | 07|aEmployment|2gcpds |
| 690 | 07|aYouth|2gcpds |
| 710 | 2 |aCouncil of Ministers of Education (Canada) |
| 775 | 08|tEnquête auprès des jeunes en transition : |w(CaOODSP)9.604221 |
| 776 | 0#|tYouth in transition survey : |w(CaOODSP)9.615370 |
| 830 | #0|aStrategic policy technical paper series ;|vT-00-5E|w(CaOODSP)9.504479 |
| 856 | 40|ahttp://publications.gc.ca|qPDF|s825 KB|uhttps://publications.gc.ca/collections/Collection/MP32-30-00-5E.pdf|yT-00-5E |